التحليل النحوي عند الامام الشاطبي في المقاصد الشافية في شرح خلاصة الكافية : دراسة في المبادئ، والأصول، والمنهج

Bibliographic Details
Main Authors: جبارين، محمد عدنان (Author), صفا، فيصل ابراهيم (Author)
Format: Book
Language:Arabic
Published: Irbid : Dar al-Kitab al-Hadith , 2011
Edition:الطبعة 1
Subjects:

MARC

LEADER 00000cam a2200000 7i4500
001 0000085607
005 20140706093000.0
008 130722s2011 jo ara
020 |a 9789957704612 
050 0 0 |a PJ6101.I23   |b J33 2011 
090 0 0 |a PJ6101.I23   |b J33 2011 
100 1 |a جبارين، محمد عدنان ,   |e author 
241 1 3 |a al-Tahlil al-nahwiy 'inda al-Imam al-Shatibi fi al-Maqasid al-shafiyyah fi sharh khulasat al-kafiyyah: dirasah fi al-mabadi' wa-al-usul wa-al-manhaj 
245 1 2 |a التحليل النحوي عند الامام الشاطبي في المقاصد الشافية في شرح خلاصة الكافية :   |b دراسة في المبادئ، والأصول، والمنهج   |c محمد عدنان جبارين؛ تقديم أ.د فيصل ابراهيم صفا 
250 |a الطبعة 1 
260 |a Irbid :   |b Dar al-Kitab al-Hadith ,   |c 2011 
300 |a 190 p. ;   |c 21 cm. 
504 |a Includes bibliographical references (p. 179-190) 
650 0 |a Arabic language   |x Grammar 
650 0 |a Arabic language   |x Grammar   |v Early works to 1800 
700 1 |a صفا، فيصل ابراهيم ,   |e author 
999 |a 1000156825   |b Book   |c OPEN SHELF (30 DAYS)   |e Gong Badak Campus